[Event "British Chess Championships 2023: First Blitz Open"]
[Site "The Venue, De Montfort University, 20 Western Boulevard, Leicester, LE2 7BU"]
[Date "2023.07.20"]
[Round "7"]
[Board "9"]
[White "Dayal, Samar"]
[Black "Masani, Matthew M"]
[Result "0-1"]
[WhiteElo "1151"]
[BlackElo "1862"]
[PlyCount "0"]
[EventDate "2023.07.20"]
[EventRounds "9"]
[EventCountry "ENG"]

1. e4 d5 2. exd5 Nf6 3. c4 e6 4. d4 exd5 5. Nc3 Bb4 6. Nf3 O-O 7. Bd3 dxc4 8. Bxc4
Bg4 9. O-O Nc6 10. Be3 a6 11. a3 Bxc3 12. bxc3 b5 13. Bb3 Na5 14. Ba2 h6 15. h3 Bh5
16. Qe2 Nd5 17. Rac1 Nxe3 18. fxe3 c5 19. Qf2 Bxf3 20. Qxf3 Ra7 21. Rcd1 c4 22. e4
Qe7 23. a4 Nc6 24. e5 Nd8 25. axb5 axb5 26. Ra1 Ne6 27. Qe4 Ng5 28. Qf5 Ra3 29. Rfc1
Rfa8 30. h4 Ne6 31. Bb1 g6 32. Rxa3 gxf5 33. Rxa8+ Kg7 34. Bxf5 Qxh4 35. Bxe6 fxe6
36. Rf1 Qg3 37. Ra7+ Kg6 38. Raf7 Qe3+ 39. Kh1 Qxc3 40. R1f6+ Kg5 41. Rg7+ Kh5 42.
Rxe6 Qxd4 43. g4+ Kh4 44. Rxh6+ Kg3  0-1

[Event "British Chess Championships 2023: First Blitz Open"]
[Site "The Venue, De Montfort University, 20 Western Boulevard, Leicester, LE2 7BU"]
[Date "2023.07.20"]
[Round "7"]
[Board "10"]
[White "Bartram, William"]
[Black "Patel, Rishi"]
[Result "0-1"]
[WhiteElo "1932"]
[BlackElo "1762"]
[PlyCount "0"]
[EventDate "2023.07.20"]
[EventRounds "9"]
[EventCountry "ENG"]

1. e4 e5 2. Nf3 Nc6 3. Bb5 Nf6 4. O-O Be7 5. Re1 d6 6. c3 O-O 7. h3 a6 8. Ba4 b5
9. Bc2 Bb7 10. d3 Nb8 11. Nbd2 Nbd7 12. Nf1 Re8 13. a4 Bf8 14. Ng3 Nc5 15. axb5 axb5
16. Be3 Ne6 17. Qd2 c5 18. d4 exd4 19. cxd4 Qc7 20. dxc5 dxc5 21. Rxa8 Bxa8 22. Rc1
Rd8 23. Qe2 Bc6 24. Nd2 c4 25. Nf5 Bc5 26. f3 Nh5 27. Nf1 Nhf4 28. Qf2 Bxe3 29. Qxe3
Nd3 30. Bxd3 Rxd3 31. Qe2 Nf4 32. Qc2 Bd7 33. N5e3 Qb6 34. Qf2 Qg6 35. Kh2 Qd6 36.
Kg1 h6 37. Qe1 Qd4 38. Rd1 Ne6 39. Rxd3 cxd3 40. Qc3 Qxc3 41. bxc3 Nc5 42. Kf2 Be6
43. Ke1 Bc4 44. Kd2 Nb3+ 45. Kd1 Nc5 46. Nd2 Be6 47. g4 Na4 48. Nb1 Bc4 49. Kd2 Kf8
50. Na3 Nb6 51. Naxc4 bxc4 52. Kc1 Ke7 53. Kb2 Kd6 54. Ka3 Kc5 55. Kb2 Kb5 56. Nf5
Na4+ 57. Kc1 Nxc3 58. Nxg7 Kb4 59. Nf5 Kb3 60. Nd4+ Ka2 61. Kd2 Nb1 62. Kc1 d2+ 63.
Kd1 c3 64. Ne2 Kb2 65. Nd4 Na3  0-1

[Event "British Chess Championships 2023: First Blitz Open"]
[Site "The Venue, De Montfort University, 20 Western Boulevard, Leicester, LE2 7BU"]
[Date "2023.07.20"]
[Round "7"]
[Board "11"]
[White "Graff, Ben"]
[Black "Goss, Alex"]
[Result "0-1"]
[WhiteElo "1705"]
[BlackElo "1801"]
[PlyCount "0"]
[EventDate "2023.07.20"]
[EventRounds "9"]
[EventCountry "ENG"]

1. e4 e6 2. d4 d5 3. exd5 exd5 4. Bd3 Bd6 5. Nf3 Ne7 6. O-O O-O 7. c3 Bf5 8. Bxf5
Nxf5 9. Qd3 Nh4 10. Ng5 Ng6 11. Nd2 Qxg5 12. Nf3 Qh5 13. Be3 Nd7 14. h3 Nf6 15. c4
dxc4 16. Qxc4 Qd5 17. Qd3 c5 18. Rfd1 c4 19. Qe2 Rfe8 20. Rac1 b5 21. Qc2 Nf4 22.
Qd2 Nxh3+ 23. gxh3 Qxf3 24. Bg5 Re2 25. Qxe2 Qxe2 26. Re1 Qh5 27. Bxf6 gxf6 28. Re3
Bf4  0-1

[Event "British Chess Championships 2023: First Blitz Open"]
[Site "The Venue, De Montfort University, 20 Western Boulevard, Leicester, LE2 7BU"]
[Date "2023.07.20"]
[Round "7"]
[Board "12"]
[White "Goatcher, Matthew W"]
[Black "Gay, Simon P"]
[Result "1-0"]
[WhiteElo "1806"]
[BlackElo "1846"]
[PlyCount "0"]
[EventDate "2023.07.20"]
[EventRounds "9"]
[EventCountry "ENG"]

1. c4 g6 2. g3 Bg7 3. Bg2 Nf6 4. Nc3 O-O 5. e4 d6 6. Nge2 e5 7. O-O c6 8. d3 Qc7
9. h3 Nbd7 10. a3 Nc5 11. Rb1 a5 12. b4 axb4 13. axb4 Ne6 14. Kh2 Bd7 15. f4 Rfb8
16. f5 Nf8 17. g4 b5 18. cxb5 cxb5 19. Be3 Ra3 20. Ra1 Rba8 21. Rxa3 Rxa3 22. g5
Ne8 23. f6 Bh8 24. Nd5  1-0

[Event "British Chess Championships 2023: First Blitz Open"]
[Site "The Venue, De Montfort University, 20 Western Boulevard, Leicester, LE2 7BU"]
[Date "2023.07.20"]
[Round "7"]
[Board "13"]
[White "Pandya, Dhairya"]
[Black "Mandnikar, Atreya"]
[Result "1-0"]
[WhiteElo "1662"]
[BlackElo "1602"]
[PlyCount "0"]
[EventDate "2023.07.20"]
[EventRounds "9"]
[EventCountry "ENG"]

1. e4 c5 2. c3 d5 3. exd5 Qxd5 4. Nf3 Nc6 5. Be2 Nf6 6. Na3 Bg4 7. h3 Bh5 8. Nc2
e6 9. Ne3 Qd8 10. d3 Be7 11. Qb3 Qc7 12. Bd2 O-O 13. O-O Rfd8 14. Qc2 Bg6 15. Nh4
Nd5 16. Nxg6 hxg6 17. Nxd5 Rxd5 18. Bf3 Rd7 19. Rad1 Rad8 20. Be3 Ne5 21. Be2 Bf6
22. d4 cxd4 23. Bf4 Qa5 24. cxd4 Rxd4 25. Rxd4 Rxd4 26. Be3 Rd8 27. a3 Rd7 28. Rc1
Qd8 29. Qc8 Qxc8 30. Rxc8+ Kh7 31. b4 a6 32. a4 Rd5 33. Rc7 Nc6 34. Rxb7 a5 35. b5
 1-0

[Event "British Chess Championships 2023: First Blitz Open"]
[Site "The Venue, De Montfort University, 20 Western Boulevard, Leicester, LE2 7BU"]
[Date "2023.07.20"]
[Round "7"]
[Board "14"]
[White "Dhemrait, Jagdeep"]
[Black "Hayes, Solomon"]
[Result "1-0"]
[WhiteElo "1718"]
[BlackElo "1781"]
[PlyCount "0"]
[EventDate "2023.07.20"]
[EventRounds "9"]
[EventCountry "ENG"]

1. e4 c5 2. Nc3 Nc6 3. f4 g6 4. Nf3 Bg7 5. Bb5 Nd4 6. a4 Nxb5 7. axb5 b6 8. O-O Bb7
9. d3 e6 10. Qe1 Ne7 11. Qh4 d5 12. g4 dxe4 13. Nxe4 Bd4+ 14. Kh1 Qd7 15. Nf6+ Bxf6
16. Qxf6 Rf8 17. Kg1 Nd5 18. Qe5 O-O-O 19. Rxa7 Qxb5 20. c4 Qb3 21. cxd5 Bxd5 22.
Qc7#  1-0

[Event "British Chess Championships 2023: First Blitz Open"]
[Site "The Venue, De Montfort University, 20 Western Boulevard, Leicester, LE2 7BU"]
[Date "2023.07.20"]
[Round "8"]
[Board "1"]
[White "Dong, Bao Nghia"]
[Black "Pal, Rohan"]
[Result "1-0"]
[WhiteElo "2310"]
[BlackElo "1776"]
[PlyCount "0"]
[EventDate "2023.07.20"]
[EventRounds "9"]
[EventCountry "ENG"]

1. d4 d5 2. c4 e6 3. Nc3 Nf6 4. Bg5 Be7 5. Nf3 h6 6. Bh4 O-O 7. e3 b6 8. cxd5 Nxd5
9. Bxe7 Qxe7 10. Be2 Nxc3 11. bxc3 c5 12. Ne5 Bb7 13. Bf3 cxd4 14. cxd4 Qb4+ 15.
Qd2 Qxd2+ 16. Kxd2 Bxf3 17. gxf3 Rd8 18. Rhc1 Nd7 19. Nc6 Re8 20. a4 Nf6 21. a5 Nd5
22. e4 Nf6 23. Rcb1 bxa5 24. Rxa5 Rac8 25. Nxa7 Rc4 26. Kd3 Rc7 27. Nb5 Rd7 28. Ra7
Red8 29. Rxd7 Rxd7 30. Kc4 Kf8 31. Ra1 Ke7 32. Ra7 Rxa7 33. Nxa7 g6 34. Nc6+ Kd7
35. Ne5+ Ke7 36. Nd3 h5 37. Nc5 Ne8 38. f4 Nf6 39. f3 Ne8 40. h4 Nd6+ 41. Kd3 Ne8
42. Ke3 Nd6 43. f5 exf5 44. e5 Ne8 45. d5 f6 46. f4 fxe5 47. fxe5 Ng7 48. d6+ Kd8
49. Kf4 Ke8 50. e6 Nxe6+ 51. Nxe6 Kd7 52. Ke5  1-0

[Event "British Chess Championships 2023: First Blitz Open"]
[Site "The Venue, De Montfort University, 20 Western Boulevard, Leicester, LE2 7BU"]
[Date "2023.07.20"]
[Round "8"]
[Board "2"]
[White "Khan, Mohammed"]
[Black "Badacsonyi, Stanley"]
[Result "0-1"]
[WhiteElo "1949"]
[BlackElo "2231"]
[PlyCount "0"]
[EventDate "2023.07.20"]
[EventRounds "9"]
[EventCountry "ENG"]

1. e4 e6 2. Nc3 d5 3. Nf3 Nf6 4. e5 Nfd7 5. d4 c5 6. Bg5 Qb6 7. dxc5 Bxc5 8. Qd2
a6 9. Bd3 Qxb2 10. Rb1 Qa3 11. O-O Nc6 12. Rb3 Qa5 13. Bf4 Nd4 14. Nxd4 Bxd4 15.
Re1 Nc5 16. Bb5+ axb5 17. Qxd4 Nxb3 18. axb3 Bd7 19. Bg3 Rc8 20. Re3 Qa1+  0-1

[Event "British Chess Championships 2023: First Blitz Open"]
[Site "The Venue, De Montfort University, 20 Western Boulevard, Leicester, LE2 7BU"]
[Date "2023.07.20"]
[Round "8"]
[Board "3"]
[White "Pilley, Jack"]
[Black "Han, Yichen"]
[Result "0-1"]
[WhiteElo "2037"]
[BlackElo "2355"]
[PlyCount "0"]
[EventDate "2023.07.20"]
[EventRounds "9"]
[EventCountry "ENG"]

1. e4 e5 2. Nc3 Nc6 3. Bc4 Nf6 4. d3 Bc5 5. f4 d6 6. Nf3 a6 7. h3 O-O 8. Qe2 Nh5
9. Qd1 Nd4 10. Be3 Nxf3+ 11. Qxf3 Qh4+ 12. Kd2 Bxe3+ 13. Qxe3 Qxf4 14. Nd5 Qxe3+
15. Kxe3 c6 16. Ne7+ Kh8 17. Nxc8 Raxc8 18. g4 Nf4 19. a4 d5 20. Bb3 a5 21. Raf1
Rcd8 22. exd5 cxd5 23. Kd2 Ne6 24. Re1 Nd4 25. Rhf1 e4 26. dxe4 dxe4 27. Kc1 Rc8
28. Kb1 Nf3 29. Re2 g6 30. Bd5 Rcd8 31. c4 f5 32. Ka2 b6 33. gxf5 gxf5 34. b4 axb4
35. Re3 b3+ 36. Kb2 f4 37. Rxe4 Nd2 38. Rfxf4 Nxe4 39. Rxe4 Rfe8 40. Rxe8+ Rxe8 41.
Kxb3 Re3+ 42. Kb4 Rxh3 43. Kb5 Rb3+ 44. Kc6 Rb4 45. Be6 h5 46. Kb7 h4 47. Kc6 Kg7
48. c5 bxc5 49. a5 c4 50. a6 c3 51. a7 Ra4 52. Bf5 Rxa7 53. Kb5 Rc7  0-1

[Event "British Chess Championships 2023: First Blitz Open"]
[Site "The Venue, De Montfort University, 20 Western Boulevard, Leicester, LE2 7BU"]
[Date "2023.07.20"]
[Round "8"]
[Board "4"]
[White "Ortiz Sanchez, Luis"]
[Black "Matlak, Oleksandr"]
[Result "0-1"]
[WhiteElo "1894"]
[BlackElo "2158"]
[PlyCount "0"]
[EventDate "2023.07.20"]
[EventRounds "9"]
[EventCountry "ENG"]

1. d4 Nf6 2. Nf3 c5 3. d5 e6 4. Nc3 exd5 5. Nxd5 Nxd5 6. Qxd5 Be7 7. e4 O-O 8. Bf4
Nc6 9. O-O-O d6 10. Bxd6 Be6 11. Qxc5 Bxd6 12. Rxd6 Qf6 13. Kb1 Rac8 14. Qg5 Bxa2+
15. Kxa2 Qxd6 16. c3 h6 17. Qg4 Qd1 18. g3 Na5 19. Bg2 Qb3+ 20. Kb1 Nc4  0-1

[Event "British Chess Championships 2023: First Blitz Open"]
[Site "The Venue, De Montfort University, 20 Western Boulevard, Leicester, LE2 7BU"]
[Date "2023.07.20"]
[Round "8"]
[Board "5"]
[White "Wastney, Dylan"]
[Black "Patel, Rishi"]
[Result "0-1"]
[WhiteElo "1878"]
[BlackElo "1762"]
[PlyCount "0"]
[EventDate "2023.07.20"]
[EventRounds "9"]
[EventCountry "ENG"]

1. e4 e5 2. Nf3 Nc6 3. Bb5 Nf6 4. d3 d6 5. c3 Be7 6. O-O O-O 7. Re1 a6 8. Ba4 b5
9. Bc2 Bb7 10. d4 Re8 11. Nbd2 Bf8 12. Nf1 exd4 13. cxd4 Ne7 14. Bg5 Ng6 15. Ng3
h6 16. Bxf6 Qxf6 17. Qd2 c5 18. d5 Bc8 19. Rad1 Bg4 20. Qc3 Ne5 21. Re3 a5 22. Rde1
Nc4 23. R3e2 Nxb2 24. Qxf6 gxf6 25. h3 Bxf3 26. gxf3 Nc4 27. Nf5 Ne5 28. Kg2 Kh7
29. f4 Ng6 30. Kf3 Rad8 31. Rg1 Ne7 32. Nh4 Bg7 33. e5+ f5 34. Nxf5 Nxf5 35. Bxf5+
Kh8 36. e6 fxe6 37. Rxe6 Rxe6 38. dxe6 d5 39. Bg6 Bf6 40. Re1 Kg7 41. f5 Be7 42.
Kf4 Bd6+ 43. Kg4 Be7 44. f4 d4 45. Rd1 c4 46. Kf3 d3 47. Ke3 Kf6 48. h4 Bc5+ 49.
Kd2 b4 50. h5 c3+ 51. Kc1 Be3+ 52. Kb1 c2+  0-1

[Event "British Chess Championships 2023: First Blitz Open"]
[Site "The Venue, De Montfort University, 20 Western Boulevard, Leicester, LE2 7BU"]
[Date "2023.07.20"]
[Round "8"]
[Board "6"]
[White "Vashisht-Pigem, Raman"]
[Black "Stubbs, Oliver"]
[Result "0-1"]
[WhiteElo "1695"]
[BlackElo "2050"]
[PlyCount "0"]
[EventDate "2023.07.20"]
[EventRounds "9"]
[EventCountry "ENG"]

1. e4 e6 2. d4 d5 3. Nd2 c5 4. exd5 Qxd5 5. Ngf3 cxd4 6. Bc4 Qd6 7. O-O Nf6 8. Nb3
Nc6 9. Nbxd4 Nxd4 10. Qxd4 Qxd4 11. Nxd4 Bd7 12. Bf4 Rc8 13. Bd3 Bc5 14. Nb5 O-O
15. Bd6 Bxb5 16. Bxf8 Bxd3 17. cxd3 Bxf8 18. Rac1 Rd8 19. Rc7 Rxd3 20. Rxb7 Rd2 21.
Rc1 Nd5 22. Kf1 g6 23. Rc8 Kg7 24. Ke1 Rd4 25. Rxa7 Bb4+ 26. Ke2 Rd2+ 27. Kf3 Rxb2
28. a3 Be1 29. a4 Rxf2+ 30. Ke4 Rxg2 31. a5 Rxh2 32. a6 Ra2 33. Rc6 Bf2 34. Rd7 Nf6+
35. Ke5 Nxd7+ 36. Kd6 Nb8  0-1

[Event "British Chess Championships 2023: First Blitz Open"]
[Site "The Venue, De Montfort University, 20 Western Boulevard, Leicester, LE2 7BU"]
[Date "2023.07.20"]
[Round "8"]
[Board "7"]
[White "Masani, Matthew M"]
[Black "Broughton, Daniel"]
[Result "1-0"]
[WhiteElo "1862"]
[BlackElo "1972"]
[PlyCount "0"]
[EventDate "2023.07.20"]
[EventRounds "9"]
[EventCountry "ENG"]

1. d4 e6 2. Bf4 d5 3. e3 Nf6 4. Nd2 c5 5. Ngf3 Nc6 6. c3 Be7 7. Bd3 O-O 8. Ne5 Bd7
9. h4 c4 10. Bc2 b5 11. g4 b4 12. g5 Ne8 13. Qh5 g6 14. Qh6 bxc3 15. bxc3 Nxe5 16.
dxe5 Ng7 17. h5 f5 18. gxf6 Bxf6 19. exf6 Qxf6 20. hxg6 e5 21. Qxh7#  1-0

[Event "British Chess Championships 2023: First Blitz Open"]
[Site "The Venue, De Montfort University, 20 Western Boulevard, Leicester, LE2 7BU"]
[Date "2023.07.20"]
[Round "8"]
[Board "8"]
[White "Goatcher, Matthew W"]
[Black "Gopakumar, Siddharth"]
[Result "0-1"]
[WhiteElo "1806"]
[BlackElo "1892"]
[PlyCount "0"]
[EventDate "2023.07.20"]
[EventRounds "9"]
[EventCountry "ENG"]

1. c4 c6 2. d4 d5 3. Nc3 Nf6 4. g3 g6 5. Bg2 Bg7 6. Bg5 dxc4 7. e3 Be6 8. Nge2 h6
9. Bxf6 Bxf6 10. Nf4 Qd7 11. O-O Na6 12. a3 Nc7 13. Rc1 Nd5 14. Nxe6 Qxe6 15. Qa4
Nxc3 16. bxc3 b5 17. Qb4 O-O 18. Qc5 Rfc8 19. f4 Qd6 20. Qxd6 exd6 21. e4 Be7 22.
Ra1 a5 23. e5 Rab8 24. Bh3 Rd8 25. f5 dxe5 26. dxe5 Rd3 27. Bg2 Rxc3 28. Bxc6 Rxa3
29. Rxa3 Bxa3 30. fxg6 fxg6 31. e6 Rd8 32. Bxb5 Rc8 33. Ra1 c3 34. Bd7 Rc7 35. Rxa3
c2 36. Ra1 c1=Q+ 37. Rxc1 Rxc1+ 38. Kg2 Kf8 39. h4 g5 40. Kf3 Ke7 41. hxg5 hxg5 42.
Kg4 Rc5 43. Kf3 Rc4 44. Ke3 a4 45. Bb5 Rb4 46. Bd3 Kxe6 47. Bb1 Rxb1  0-1

[Event "British Chess Championships 2023: First Blitz Open"]
[Site "The Venue, De Montfort University, 20 Western Boulevard, Leicester, LE2 7BU"]
[Date "2023.07.20"]
[Round "8"]
[Board "9"]
[White "Wells, Tony D"]
[Black "Gay, Conor DI"]
[Result "1-0"]
[WhiteElo "2070"]
[BlackElo "1909"]
[PlyCount "0"]
[EventDate "2023.07.20"]
[EventRounds "9"]
[EventCountry "ENG"]

1. e4 c5 2. Nf3 d6 3. Bb5+ Nc6 4. O-O Bd7 5. Re1 a6 6. Bf1 Bg4 7. c3 Ne5 8. d4 cxd4
9. cxd4 Nxf3+ 10. gxf3 Bh5 11. Nc3 e6 12. Qa4+ Qd7 13. Bb5  1-0

[Event "British Chess Championships 2023: First Blitz Open"]
[Site "The Venue, De Montfort University, 20 Western Boulevard, Leicester, LE2 7BU"]
[Date "2023.07.20"]
[Round "8"]
[Board "10"]
[White "Kothari, Jai"]
[Black "Dhemrait, Jagdeep"]
[Result "1-0"]
[WhiteElo "1951"]
[BlackElo "1718"]
[PlyCount "0"]
[EventDate "2023.07.20"]
[EventRounds "9"]
[EventCountry "ENG"]

1. e4 c5 2. Nf3 Nc6 3. Bb5 Nd4 4. Nxd4 cxd4 5. O-O g6 6. c3 dxc3 7. bxc3 Bg7 8. d4
a6 9. Bd3 e6 10. f4 Ne7 11. Be3 d5 12. Nd2 O-O 13. Bf2 Qc7 14. Qc2 Qxf4 15. Rae1
Qd6 16. Bg3 Qb6 17. exd5 Nxd5 18. Ne4 Nxc3 19. Nxc3 Qxd4+ 20. Kh1 Qxc3 21. Qe2 Bd7
22. Be4 Bc6 23. Rc1 Qa5 24. Bxc6 bxc6 25. Qf3 Qxa2 26. Bd6 Rfe8 27. Qxf7+ Kh8 28.
Rxc6 Qd5 29. Rc7 Rg8 30. Rd7 Rad8 31. Rxd8 Rxd8 32. Be7 Rg8 33. Bf6 Qb5 34. Bxg7+
Rxg7 35. Qf8+ Rg8 36. Qf6+ Rg7 37. Rd1 Qe8 38. Rd8 Qxd8 39. Qxd8+ Rg8 40. Qf6+ Rg7
41. Qxe6 h6 42. h4 Kh7 43. Qxa6 Rf7 44. Kh2 h5 45. Qe6 Ra7 46. Qb6 Rf7 47. Kg3 Rd7
48. Kf4 Rf7+ 49. Kg3 Rd7 50. Qb5 Rf7 51. Kh3 Ra7 52. Qg5 Rb7 53. Qd5 Ra7 54. Qc5
Rb7 55. Kg3 Rb3+ 56. Kf4 Rb7 57. g4 Rf7+ 58. Kg5 hxg4 59. Kxg4 Rf1 60. h5 gxh5+ 61.
Qxh5+ Kg7 62. Qe5+ Kh7 63. Qe4+ Kg7 64. Qd4+ Rf6 65. Kg5 Kg8 66. Qxf6  1-0

[Event "British Chess Championships 2023: First Blitz Open"]
[Site "The Venue, De Montfort University, 20 Western Boulevard, Leicester, LE2 7BU"]
[Date "2023.07.20"]
[Round "8"]
[Board "11"]
[White "Goss, Alex"]
[Black "Dayal, Samar"]
[Result "1-0"]
[WhiteElo "1801"]
[BlackElo "1151"]
[PlyCount "0"]
[EventDate "2023.07.20"]
[EventRounds "9"]
[EventCountry "ENG"]

1. e4 c5 2. Nf3 d6 3. Bb5+ Bd7 4. a4 Nc6 5. O-O g6 6. Re1 Bg7 7. c3 Nf6 8. d4 cxd4
9. cxd4 e6 10. Nc3 O-O 11. Bg5 h6 12. Bh4 g5 13. Bg3 d5 14. exd5 Nxd5 15. Nxd5 exd5
16. h4 g4 17. Ne5 Nxe5 18. dxe5 Be6 19. Rc1 Rc8 20. Qd4 Rxc1 21. Rxc1 f6 22. Re1
f5 23. f4 gxf3 24. gxf3 f4 25. Bf2 a6 26. Bd3 Kh8 27. Bb1 Rg8 28. Kh2 Rf8 29. Rg1
Qc7 30. Re1 b5 31. axb5 axb5 32. Qc5 Qxc5 33. Bxc5 Rc8 34. b4 Kg8 35. Bd3 Rb8 36.
Bd6 Rb7 37. Rc1 Kf7 38. Rc5 Bd7 39. Rxd5 Bc6 40. Rc5 Bxf3 41. Bxb5 Bg4 42. Bc4+ Be6
43. Bxe6+ Kxe6 44. Rc7 Rxc7 45. Bxc7 Bxe5 46. Bxe5 Kxe5 47. Kg2 Kd5 48. Kf3 Kc4 49.
Kxf4 Kxb4 50. Kf5 Kc5 51. Kg6 Kd6 52. Kxh6 Ke7 53. Kg7 Ke6 54. h5 Kf5 55. h6 Ke6
56. h7 Ke5 57. h8=Q Kd5 58. Qe8 Kd6 59. Qe4 Kc5 60. Qd3 Kc6 61. Qd4 Kb5 62. Qc3 Kb6
63. Qc4 Ka5 64. Qb3 Ka6 65. Kf6 Ka7 66. Ke6 Ka6 67. Kd6 Ka7  1-0

[Event "British Chess Championships 2023: First Blitz Open"]
[Site "The Venue, De Montfort University, 20 Western Boulevard, Leicester, LE2 7BU"]
[Date "2023.07.20"]
[Round "8"]
[Board "12"]
[White "Hankey, Chris P"]
[Black "Pandya, Dhairya"]
[Result "0-1"]
[WhiteElo "1680"]
[BlackElo "1662"]
[PlyCount "0"]
[EventDate "2023.07.20"]
[EventRounds "9"]
[EventCountry "ENG"]

1. e4 e5 2. Nf3 Nc6 3. d4 exd4 4. Ng5 h6 5. Nxf7 Kxf7 6. Bc4+ Ke7 7. Qh5 Qe8 8. Bg5+
hxg5 9. Qxh8 Nf6 10. O-O Qh5 11. Qxh5 Nxh5 12. g3 d6 13. Be2 Nf6 14. Bf3 g4 15. Bg2
Be6 16. Nd2 Kf7 17. f3 gxf3 18. Nxf3 Bd7 19. Rae1 Be7 20. e5 dxe5 21. Nxe5+ Nxe5
22. Rxe5 Bd6 23. Re2 c6 24. Rd2 Re8 25. Kh1 Kg8 26. Rxd4 Be5 27. Rb4 b5 28. a4 c5
29. Rh4 bxa4 30. Rb1 a5 31. b3 a3  0-1

[Event "British Chess Championships 2023: First Blitz Open"]
[Site "The Venue, De Montfort University, 20 Western Boulevard, Leicester, LE2 7BU"]
[Date "2023.07.20"]
[Round "8"]
[Board "13"]
[White "Mandnikar, Atreya"]
[Black "Graff, Ben"]
[Result "1-0"]
[WhiteElo "1602"]
[BlackElo "1705"]
[PlyCount "0"]
[EventDate "2023.07.20"]
[EventRounds "9"]
[EventCountry "ENG"]

1. e4 e6 2. d4 d5 3. exd5 exd5 4. Bd3 Bd6 5. Nf3 Ne7 6. O-O O-O 7. Bg5 h6 8. Bh4
Bg4 9. Nbd2 Nd7 10. c3 c6 11. Re1 Re8 12. Qc2 Qc7 13. h3 Bxf3 14. Nxf3 g5 15. Nxg5
hxg5 16. Bxg5 Kg7 17. Qe2 Ng6 18. Qh5 Rh8 19. Qg4 Nf6 20. Bxf6+ Kxf6 21. Bxg6 fxg6
22. Re6+ Kf7 23. Qxg6+ Kf8 24. Rxd6 Ke7 25. Re1+ Kf8 26. Rf6+  1-0

[Event "British Chess Championships 2023: First Blitz Open"]
[Site "The Venue, De Montfort University, 20 Western Boulevard, Leicester, LE2 7BU"]
[Date "2023.07.20"]
[Round "8"]
[Board "14"]
[White "Hayes, Solomon"]
[Black "Gay, Simon P"]
[Result "1-0"]
[WhiteElo "1781"]
[BlackElo "1846"]
[PlyCount "0"]
[EventDate "2023.07.20"]
[EventRounds "9"]
[EventCountry "ENG"]

1. e4 e5 2. Nf3 Nc6 3. Bb5 a6 4. Ba4 Nf6 5. O-O b5 6. Bb3 Be7 7. Re1 O-O 8. a4 Bb7
9. d3 d6 10. c3 b4 11. Nbd2 Qd7 12. Nf1 bxc3 13. bxc3 Na5 14. Bc2 Bc6 15. Ng3 Rfb8
16. Nf5 Bf8 17. h3 d5 18. exd5 Qxf5 19. dxc6 Nxc6 20. d4 Qd7 21. Bg5 exd4 22. Bxf6
gxf6 23. Qd3 f5 24. cxd4 Re8 25. d5 Nb4 26. Qxf5 Qxf5 27. Bxf5 Rxe1+ 28. Rxe1 Nxd5
29. Re4 Nf6 30. Rh4 h6 31. Ne5 Rb8 32. Ng4 h5 33. Nxf6+ Kg7 34. Nxh5+ Kg8 35. Rg4+
Kh8 36. Nf6 Bg7 37. Rh4+ Bh6 38. Rxh6+ Kg7 39. Ng4 Rb1+ 40. Bxb1  1-0

[Event "British Chess Championships 2023: First Blitz Open"]
[Site "The Venue, De Montfort University, 20 Western Boulevard, Leicester, LE2 7BU"]
[Date "2023.07.20"]
[Round "9"]
[Board "1"]
[White "Matlak, Oleksandr"]
[Black "Dong, Bao Nghia"]
[Result "1/2-1/2"]
[WhiteElo "2158"]
[BlackElo "2310"]
[PlyCount "0"]
[EventDate "2023.07.20"]
[EventRounds "9"]
[EventCountry "ENG"]

1. c4 e6 2. Nf3 d5 3. g3 g6 4. Bg2 Bg7 5. O-O Ne7 6. d4 O-O 7. Nc3 Nbc6 8. cxd5 exd5
9. Bf4 a6 10. Ne5 Be6 11. Rc1 Nxe5 12. Bxe5 Bxe5 13. dxe5 c5 14. e3 b5 15. Qd2 Qd7
16. Rfd1 Rad8 17. Ne2 Qc7 18. Nf4 c4 19. Qc3 a5 20. a3 Rd7 21. h4 Rb8 22. h5 b4 23.
axb4 axb4 24. Qd4 Nf5 25. Qd2 Qxe5 26. Qe2 Ng7 27. Rd4 Nxh5 28. Nxh5 Qxh5 29. Bf3
Qe5 30. Rcd1 h5 31. e4 Bg4 32. Bxg4 hxg4 33. Qxg4 Rbd8 34. Qe2 Kg7 35. Qd2 Rh8 36.
Rxd5 Rxd5 37. Qxd5 Qxb2 38. Qxc4 Qc3 39. Qxc3+ bxc3 40. Rc1 Rc8 41. Kf1 Kf6 42. f4
g5 43. Ke2 gxf4 44. gxf4 Ke6 45. Kd3 f5 46. exf5+ Kxf5 47. Rxc3 Rxc3+ 48. Kxc3 Kxf4
 1/2-1/2

[Event "British Chess Championships 2023: First Blitz Open"]
[Site "The Venue, De Montfort University, 20 Western Boulevard, Leicester, LE2 7BU"]
[Date "2023.07.20"]
[Round "9"]
[Board "2"]
[White "Badacsonyi, Stanley"]
[Black "Masani, Matthew M"]
[Result "1/2-1/2"]
[WhiteElo "2231"]
[BlackElo "1862"]
[PlyCount "0"]
[EventDate "2023.07.20"]
[EventRounds "9"]
[EventCountry "ENG"]

1. d4 Nf6 2. Nc3 d5 3. Bf4 c5 4. e3 cxd4 5. exd4 a6 6. Nf3 Nc6 7. Ne5 e6 8. Nxc6
bxc6 9. Bd3 Bb4 10. O-O O-O 11. a3 Ba5 12. Ne2 h6 13. c3 Bc7 14. Qd2 a5 15. b4 Ba6
16. f3 Bxd3 17. Qxd3 Bxf4 18. Nxf4 a4 19. Rfd1 Qd6 20. Ne2 Nd7 21. c4 e5 22. cxd5
Qxd5 23. dxe5 Qxd3 24. Rxd3 Nxe5 25. Rc3 Rad8 26. f4 Rd2 27. Ng3 Ng4 28. h3 Nf6 29.
Rxc6 Rd3 30. Nf5 Re8 31. Nxh6+ gxh6 32. Rxf6 Kg7 33. Ra6 Re2 34. Kf1 Rdd2 35. Re1
Rf2+ 36. Kg1 Rxg2+ 37. Kh1 Rh2+ 38. Kg1 Rdg2+ 39. Kf1 Ra2 40. Kg1 Rhg2+ 41. Kh1 Rh2+
42. Kg1 Rxh3 43. Rxa4 Rg3+ 44. Kh1 Rh3+ 45. Kg1 h5 46. b5 h4 47. f5 Rg3+ 48. Kh1
Rh3+ 49. Kg1 Rg3+ 50. Kh1  1/2-1/2

[Event "British Chess Championships 2023: First Blitz Open"]
[Site "The Venue, De Montfort University, 20 Western Boulevard, Leicester, LE2 7BU"]
[Date "2023.07.20"]
[Round "9"]
[Board "3"]
[White "Han, Yichen"]
[Black "Pal, Rohan"]
[Result "0-1"]
[WhiteElo "2355"]
[BlackElo "1776"]
[PlyCount "0"]
[EventDate "2023.07.20"]
[EventRounds "9"]
[EventCountry "ENG"]

1. Nf3 d5 2. d4 Nf6 3. c4 e6 4. g3 Be7 5. Bg2 O-O 6. O-O c6 7. b3 b6 8. Bb2 Bb7 9.
Nbd2 Nbd7 10. Qc2 Rc8 11. e4 dxe4 12. Nxe4 Nxe4 13. Qxe4 Nf6 14. Qe2 c5 15. Rad1
Qc7 16. Rfe1 cxd4 17. Nxd4 Bxg2 18. Kxg2 Qb7+ 19. Qf3 Qxf3+ 20. Kxf3 Rfd8 21. Re3
Bc5 22. Red3 e5 23. Nc6 e4+ 24. Kg2 Rxd3  0-1